Biorytmus arytmií pri respiračnej insuficiencii v závislosti od nadmorskej výšky - predbežné výsledky

Bibliographic Details
Main Authors: Kujaník, Štefan, 1949-2013 (Author), Mayer, Mikuláš (Author), Sninčák, Marian, 1948- (Author), Knížová, M. (Author), Vokaľ, J. (Author), Linder, I. (Author), Zubajová, E. (Author), Vlasatá, F. (Author), Tkáčová, Ružena (Author)
Format: Article
Language:Slovak
PhysicalDescription:Tab. 1, lit. 3 zázn. v angl., slov.
ISSN:0371-2222
Subjects:

MARC

LEADER 00000nab a2200000 a 4500
001 vtls000543657
003 SK-MaSNL
005 20260305044442.0
008 220423c1994 xo 0 slo
015 |a SNBRB19rr/mm-uuuuu 
035 |a CL0543795 
040 |a SNKBUCL  |b slo  |c SNKBUCL  |e AACR2 
041 0 |a slo 
044 |a xo  |c SK 
080 |a 616.24-008.64:616.12-008.318  |2 1981 
080 |a 616.12-008.318  |2 1981 
245 0 0 |a Biorytmus arytmií pri respiračnej insuficiencii v závislosti od nadmorskej výšky - predbežné výsledky  |c Š. Kujaník, Mikuláš Mayer, Marián Sninčák, M. Knížová, J. Vokaľ, I. Linder, E. Zubajová, F. Vlasatá, R. Tkáčová 
300 |b Tab. 1, lit. 3 zázn. v angl., slov. 
650 0 7 |a respiračná insuficiencia  |2 snkbucl  |9 135701 
650 0 7 |a arytmia  |2 snkbucl  |9 851764 
650 0 7 |a nadmorská výška  |2 snkbucl  |9 79473 
655 7 |a články z novín a časopisov  |2 snkbucl  |9 267496 
700 1 |a Kujaník, Štefan,  |d 1949-2013  |4 aut  |9 7429 
700 1 |a Mayer, Mikuláš  |4 aut  |9 919927 
700 1 |a Sninčák, Marian,  |d 1948-  |4 aut  |9 28440 
700 1 |a Knížová, M.  |4 aut  |9 1174179 
700 1 |a Vokaľ, J.  |4 aut  |9 806726 
700 1 |a Linder, I.  |4 aut  |9 1627736 
700 1 |a Zubajová, E.  |4 aut  |9 1627734 
700 1 |a Vlasatá, F.  |4 aut  |9 1627735 
700 1 |a Tkáčová, Ružena  |4 aut  |9 9546 
773 0 |t Studia pneumologica et phtiseologica  |g Roč. 54, č. 4 (1994), s. 309-311  |x 0371-2222 
850 |a Slovenská národná knižnica v Martine  |a MTA001 
852 |a SNK  |b KIS3GCP 
958 |a RK 
958 |a ME 
992 |a RBX 
999 |c 3358723  |d 3360653